000 01040nam a22003137a 4500
001 BR9701134
003 BR-BrBNA
005 20230928095538.0
007 ta
008 230509b bl.||||| |||| 00| 0 por d
040 _aBR-BrBNA
_bpor
_cBiblioteca Nacional de Agricultura
041 _a(Por)
072 _aE11
090 _ E11 BR9701134
100 1 _aSeixas, L.M. de A.L.
110 1 _aEscola Superior de Agricultura de Lavras, MG (Brasil)
_0Tese (Mestre em Administracao Rural)
245 1 _aO processo interativo institucional das organizacoes publicas o caso do Programa Terra no Estado de Mato Grosso do Sul
260 3 _aLavras, MG (Brasil):
_c1993.
300 _a171 p.
500 _a19 illus.; 13 tables; Bibliography p. 143-152 (59 ref.); Summaries (Eng, Por)
650 _aDistribuicao de Terra
650 _aColonizacao
650 _aReforma Agraria
650 _aEstrutura Agraria
650 _aInstituicao Agricola
650 _aMato Grosso do Sul
909 _a202309
_bLucia
_c55
_dLucia Elande
942 _cBK
999 _c57209
_d57209